Comuni della Provincia di Benevento (con mappa) - Statistics

Statistiche generali
  • Questo quiz è stato fatto 66 volte
  • Il punteggio medio è 44 su 78
Risposte nella Mappa
Le risposte nella mappa del quiz sottostante sono codificate secondo una scala di colori dal rosso al verde in base alla % di persone che hanno risposto correttamente.
 
Statistiche sulle risposte
Risposta % Corretto
Benevento
100%
San Giorgio del Sannio
86%
Montesarchio
81%
Pietrelcina
73%
Ponte
73%
San Marco dei Cavoti
73%
Apice
70%
Airola
68%
Amorosi
68%
Apollosa
68%
Arpaia
68%
Foglianise
68%
Fragneto l'Abate
68%
Fragneto Monforte
68%
Pannarano
68%
San Giorgio La Molara
68%
Telese Terme
68%
Cerreto Sannita
65%
Arpaise
62%
Morcone
62%
Paupisi
62%
San Leucio del Sannio
62%
Torrecuso
62%
Baselice
59%
Ceppaloni
59%
Frasso Telesino
59%
Limatola
59%
Pesco Sannita
59%
Sant'Agata de' Goti
59%
Tocco Caudio
59%
Vitulano
59%
Castelpoto
57%
Castelvenere
57%
Faicchio
57%
Forchia
57%
Guardia Sanframondi
57%
Pontelandolfo
57%
San Lorenzo Maggiore
57%
San Salvatore Telesino
57%
Solopaca
57%
Calvi
54%
Colle Sannita
54%
Molinara
54%
Pago Veiano
54%
San Lorenzello
54%
San Lupo
54%
San Nicola Manfredi
54%
Sassinoro
54%
Bonea
51%
Buonalbergo
51%
Casalduni
51%
Circello
51%
Cusano Mutri
51%
Moiano
51%
Sant'Angelo a Cupolo
51%
Foiano di Val Fortore
49%
Montefalcone di Val Fortore
49%
Paduli
49%
Paolisi
49%
San Bartolomeo in Galdo
49%
San Martino Sannita
49%
Bucciano
46%
Campolattaro
46%
Campoli del Monte Taburno
46%
Castelfranco in Miscano
46%
Cautano
46%
Dugenta
46%
Durazzano
46%
Ginestra degli Schiavoni
46%
Melizzano
46%
Pietraroja
46%
Reino
46%
San Nazzaro
46%
Puglianello
43%
Castelpagano
38%
Castelvetere in Val Fortore
38%
Santa Croce del Sannio
35%
Sant'Arcangelo Trimonte
35%
Nessun quiz corrispondente trovato
Distribuzione punteggi
Percentuale di utenti per punteggio
Percentile per numero di risposta
I tuoi punteggi nel tempo
Non hai fatto questo quiz